[Event "FRA-chT2 0910"]
[Site "France"]
[Date "2009.11.22"]
[Round "4.8"]
[White "Cwiek, Perrine"]
[Black "Cassam Chenai, Eric"]
[Result "0-1"]
[WhiteElo "1824"]
[BlackElo "1931"]
[PlyCount "98"]
[EventDate "2009.09.27"]
[EventType "team"]
[EventRounds "11"]
[EventCountry "FRA"]
[Source "ChessBase"]
[SourceDate "2010.03.11"]

1. e4 d6 2. d4 Nf6 3. Nc3 Nbd7 4. Nf3 e5 5. Bc4 Be7 6. O-O c6 7. Re1 O-O 8. Bb3
Qc7 9. Be3 b5 10. a3 a6 11. Qd2 Bb7 12. Bg5 Rfe8 13. Rad1 Rad8 14. Qe3 g6 15.
Bh6 Ng4 16. Qd2 exd4 17. Nxd4 Nb6 18. Ne6 fxe6 19. Bxe6+ Kh8 20. Bxg4 Bf6 21.
Qf4 Be5 22. Qg5 Nc4 23. f4 Bg7 24. e5 dxe5 25. Bxg7+ Kxg7 26. Rxd8 Qxd8 27.
Qxd8 Rxd8 28. fxe5 Re8 29. e6 c5 30. Ne4 Bxe4 31. Rxe4 Nxb2 32. Rf4 Re7 33. Rf2
h5 34. Bh3 b4 35. axb4 cxb4 36. Rd2 a5 37. Rd6 a4 38. Ra6 Kf6 39. g4 h4 40. Kf2
g5 41. Ra5 Rxe6 42. Bf1 a3 43. Be2 Rc6 44. Ke1 Rxc2 45. h3 Rc3 46. Bf1 Nd3+ 47.
Kd2 Nf4 48. Ra4 Rf3 49. Ke1 Rb3 0-1

[Event "FRA-chT2 0910"]
[Site "France"]
[Date "2009.11.22"]
[Round "4.8"]
[White "Le Guennec, Nolwen"]
[Black "Pernoud, Claire"]
[Result "1/2-1/2"]
[WhiteElo "1470"]
[BlackElo "1693"]
[PlyCount "97"]
[EventDate "2009.09.27"]
[EventType "team"]
[EventRounds "11"]
[EventCountry "FRA"]
[Source "ChessBase"]
[SourceDate "2010.03.11"]

1. e4 e5 2. Nf3 d6 3. d4 Nf6 4. Nc3 Nbd7 5. Be2 Be7 6. O-O O-O 7. h3 c6 8. Be3
Qc7 9. d5 a6 10. Qd2 b5 11. a3 Bb7 12. Rac1 Rac8 13. Rfd1 Rfd8 14. Qd3 Nb6 15.
Bxb6 Qxb6 16. b3 cxd5 17. Nxd5 Bxd5 18. exd5 e4 19. Qd4 Qb7 20. Ng5 Re8 21. c4
bxc4 22. bxc4 h6 23. Rb1 Qc7 24. Nxe4 Nxe4 25. Qxe4 Bf6 26. Qd3 Re7 27. Re1
Rce8 28. Kf1 Qc5 29. Bf3 Be5 30. Rbd1 Rc8 31. Rc1 Rce8 32. Rcd1 Rb8 33. Qe3
Qxc4+ 34. Qe2 Qc7 35. Rc1 Qa7 36. Rb1 Rc8 37. Rbc1 Rec7 38. Rxc7 Rxc7 39. g3
Re7 40. Qe3 Qc7 41. Rc1 Qd8 42. Re1 Bf6 43. Qd3 Rxe1+ 44. Kxe1 Qa5+ 45. Kf1 Qb6
46. Be4 Bd4 47. Qc2 Bc5 48. a4 a5 49. Qd2 1/2-1/2

[Event "FRA-chT2 0910"]
[Site "France"]
[Date "2009.11.22"]
[Round "4.8"]
[White "Pelletier, Rachel"]
[Black "Soissong, Elzbieta"]
[Result "1-0"]
[WhiteElo "1780"]
[BlackElo "1674"]
[PlyCount "101"]
[EventDate "2009.09.27"]
[EventType "team"]
[EventRounds "11"]
[EventCountry "FRA"]
[Source "ChessBase"]
[SourceDate "2010.03.11"]

1. c4 Nf6 2. Nc3 c5 3. g3 Nc6 4. Bg2 g6 5. Nf3 Bg7 6. d3 O-O 7. O-O d6 8. a3
Bd7 9. Qc2 Qc8 10. Re1 Rb8 11. Rb1 a6 12. b4 b5 13. bxc5 b4 14. cxd6 bxc3 15.
Rxb8 Qxb8 16. dxe7 Nxe7 17. Qxc3 Nfd5 18. Qc2 Rc8 19. Bd2 Qa7 20. Rb1 Qc5 21.
Qb3 Nc7 22. Bb4 Rb8 23. Bxc5 Rxb3 24. Rxb3 Nc6 25. Rb7 Ne6 26. Rxd7 Nxc5 27.
Rc7 Nd4 28. Rxc5 Nxe2+ 29. Kf1 Nc3 30. Ra5 Nb1 31. Rxa6 Bf8 32. a4 Na3 33. Ra8
Kg7 34. Rxf8 Kxf8 35. Nd4 Ke7 36. Nb5 Nc2 37. Ke2 f5 38. Kd2 Nb4 39. d4 Kd7 40.
a5 Kc8 41. f4 Na6 42. h4 Nb4 43. Kc3 Na6 44. Bd5 Kd7 45. Bg8 h6 46. Bh7 Ke7 47.
Bxg6 Kf6 48. Bh5 Ke6 49. Bf3 Kf6 50. h5 Ke7 51. Bb7 1-0

[Event "FRA-chT2 0910"]
[Site "France"]
[Date "2009.12.12"]
[Round "5.1"]
[White "Fedorchuk, Sergey A"]
[Black "Sulskis, Sarunas"]
[Result "1/2-1/2"]
[WhiteElo "2643"]
[BlackElo "2591"]
[PlyCount "48"]
[EventDate "2009.09.27"]
[EventType "team"]
[EventRounds "11"]
[EventCountry "FRA"]
[Source "ChessBase"]
[SourceDate "2010.03.11"]
[WhiteTeam "Meaux"]

1. e4 e5 2. Nf3 Nc6 3. Bb5 a6 4. Ba4 Nf6 5. O-O b5 6. Bb3 Bb7 7. d3 Bc5 8. Nc3
O-O 9. Bg5 h6 10. Bh4 Be7 11. Re1 d6 12. a4 b4 13. Bxf6 Bxf6 14. Nd5 Na5 15.
Ba2 Bxd5 16. Bxd5 Rb8 17. Qd2 c6 18. Ba2 Bg5 19. Bc4 Nxc4 20. dxc4 a5 21. g3
Kh8 22. h4 Bf6 23. h5 Rb7 24. Kg2 Rd7 1/2-1/2

[Event "FRA-chT2 0910"]
[Site "France"]
[Date "2009.12.12"]
[Round "5.1"]
[White "Laurent, Julien G"]
[Black "Maleki, Nicolas"]
[Result "1-0"]
[WhiteElo "2323"]
[BlackElo "2184"]
[PlyCount "103"]
[EventDate "2009.09.27"]
[EventType "team"]
[EventRounds "11"]
[EventCountry "FRA"]
[Source "ChessBase"]
[SourceDate "2010.03.11"]

1. c4 c6 2. Nf3 d5 3. g3 Nf6 4. Bg2 Bg4 5. cxd5 cxd5 6. Ne5 Bf5 7. Qa4+ Nbd7 8.
g4 Qc7 9. Nc3 Qxe5 10. d4 Qd6 11. gxf5 e6 12. Bd2 Qb4 13. Qxb4 Bxb4 14. Nb5
Bxd2+ 15. Kxd2 Ke7 16. fxe6 fxe6 17. Rac1 a6 18. Nc3 Nb6 19. b3 Rac8 20. Rc2
Rhd8 21. Bf3 Rd6 22. Rg1 Kf7 23. a4 Rdc6 24. Rgc1 R8c7 25. e4 dxe4 26. Nxe4
Rxc2+ 27. Rxc2 Rxc2+ 28. Kxc2 Nxe4 29. Bxe4 Nd5 30. Kd3 b6 31. Kc4 Nc7 32. b4
h6 33. a5 bxa5 34. bxa5 Nb5 35. Bd3 Ke7 36. Kc5 Nc7 37. Kc6 Kd8 38. Bc4 Kc8 39.
Kb6 Kd7 40. Bxa6 Nxa6 41. Kxa6 Kc6 42. h4 g5 43. hxg5 hxg5 44. f3 Kd5 45. Kb6
Kxd4 46. a6 Ke3 47. a7 Kxf3 48. a8=Q+ Kg3 49. Kc5 g4 50. Kd4 Kh2 51. Qa2+ Kh1
52. Ke3 1-0

[Event "FRA-chT2 0910"]
[Site "France"]
[Date "2009.12.12"]
[Round "5.1"]
[White "Petitcunot, Pierre"]
[Black "Piot, Olivier"]
[Result "1-0"]
[WhiteElo "2393"]
[BlackElo "2268"]
[PlyCount "127"]
[EventDate "2009.09.27"]
[EventType "team"]
[EventRounds "11"]
[EventCountry "FRA"]
[Source "ChessBase"]
[SourceDate "2010.03.11"]

1. e4 c5 2. Nf3 d6 3. d4 cxd4 4. Nxd4 Nf6 5. Nc3 a6 6. Bc4 e6 7. Bb3 b5 8. O-O
Be7 9. Qf3 Qc7 10. Re1 Nc6 11. Nxc6 Qxc6 12. Bg5 O-O 13. Nd5 exd5 14. Bxd5 Nxd5
15. exd5 Qxc2 16. Bxe7 Re8 17. Bxd6 Bb7 18. Be5 Qg6 19. Bg3 Qg5 20. Red1 Rad8
21. h4 Qg6 22. Rac1 Rd7 23. Rd4 Red8 24. Qd1 h6 25. d6 Re8 26. a4 bxa4 27. Qxa4
Qf5 28. Qb4 Kh7 29. Re1 Re6 30. Rxe6 Qxe6 31. Rd1 Bc6 32. Qc3 Bb5 33. Re1 Qf5
34. Qc8 Qd5 35. Qc2+ Qd3 36. Qc1 Qd5 37. Re3 Qc4 38. Qb1+ g6 39. Rc3 Qd5 40.
Qc2 Rd8 41. Rc5 Qe6 42. Qc3 f6 43. Rc7+ Rd7 44. Rc8 Rg7 45. Rf8 Rf7 46. Rb8 Rg7
47. Kh2 Rg8 48. Rb7+ Rg7 49. Rb6 Rf7 50. Rb8 Rg7 51. Rc8 Rg8 52. Rc7+ Rg7 53.
Rc5 Rg8 54. Qd4 Rg7 55. Rc3 Rf7 56. b3 Qf5 57. Qe3 Qg4 58. f3 Qf5 59. Rc5 Qd3
60. Qe6 Kg7 61. Rc7 Rxc7 62. dxc7 Bd7 63. Qe7+ Kg8 64. Qd8+ 1-0

[Event "FRA-chT2 0910"]
[Site "France"]
[Date "2009.12.12"]
[Round "5.2"]
[White "Gladyszev, Oleg"]
[Black "Okhotnik, Vladimir"]
[Result "1/2-1/2"]
[WhiteElo "2472"]
[BlackElo "2447"]
[PlyCount "25"]
[EventDate "2009.09.27"]
[EventType "team"]
[EventRounds "11"]
[EventCountry "FRA"]
[Source "ChessBase"]
[SourceDate "2010.03.11"]
[BlackTeam "Meaux"]

1. d4 d6 2. Nf3 Bg4 3. c4 Nd7 4. e4 g6 5. Be2 Bg7 6. Nc3 c5 7. d5 Ngf6 8. O-O
O-O 9. Bf4 Ne8 10. Qd2 a6 11. a4 Nc7 12. h3 Bxf3 13. Bxf3 1/2-1/2

[Event "FRA-chT2 0910"]
[Site "France"]
[Date "2009.12.12"]
[Round "5.2"]
[White "Laurent, Bruno"]
[Black "Lebrun, Xavier"]
[Result "1-0"]
[WhiteElo "2355"]
[BlackElo "2171"]
[PlyCount "139"]
[EventDate "2009.09.27"]
[EventType "team"]
[EventRounds "11"]
[EventCountry "FRA"]
[Source "ChessBase"]
[SourceDate "2010.03.11"]

1. e4 d6 2. d4 Nf6 3. Nc3 Nbd7 4. g4 h6 5. h3 e5 6. Nge2 Be7 7. Bg2 c6 8. Ng3
g6 9. a4 Nh7 10. O-O Bg5 11. f4 exf4 12. Bxf4 Bxf4 13. Rxf4 Qh4 14. Kh2 O-O 15.
Nce2 Ndf6 16. Ng1 Nxg4+ 17. Rxg4 Bxg4 18. Qxg4 Qxg4 19. hxg4 Rfe8 20. a5 Re7
21. a6 bxa6 22. Rxa6 Rc8 23. N1e2 Ng5 24. Nf4 Rb7 25. Nd3 Kg7 26. e5 dxe5 27.
dxe5 Rbc7 28. b4 Ne6 29. Ne4 Nd4 30. Nd6 Rd8 31. c4 f6 32. c5 fxe5 33. Nxe5 Rb8
34. Be4 Kf6 35. Nxg6 Kg5 36. Ra4 a5 37. bxa5 Rb2+ 38. Kg3 Ne2+ 39. Kf3 Nc3 40.
Bf5 h5 41. Rc4 hxg4+ 42. Rxg4+ Kf6 43. Ne8+ Kxf5 44. Nxc7 Rb3 45. Nh4+ Ke5 46.
Rg5+ Kd4 47. Kf4 Ra3 48. Nf3+ Kc4 49. a6 Ra4 50. Re5 Nd5+ 51. Nxd5 Kxc5+ 52.
Nb4+ Kd6 53. Re4 c5 54. Nd3 Rxa6 55. Ng5 Kd5 56. Ke3 Ra3 57. Re5+ Kc6 58. Rxc5+
Kd6 59. Ne4+ Ke6 60. Rc6+ Kf5 61. Rf6+ Kg4 62. Rf1 Rb3 63. Nec5 Ra3 64. Ke4 Kg5
65. Ne5 Ra2 66. Ne6+ Kh4 67. Rf3 Ra1 68. Kf5 Ra5 69. Nf4 Ra3 70. Neg6# 1-0

[Event "FRA-chT2 0910"]
[Site "France"]
[Date "2009.12.12"]
[Round "5.2"]
[White "Mensch, Etienne"]
[Black "Bissieres, Mathieu"]
[Result "1/2-1/2"]
[WhiteElo "2372"]
[BlackElo "2317"]
[PlyCount "110"]
[EventDate "2009.09.27"]
[EventType "team"]
[EventRounds "11"]
[EventCountry "FRA"]
[Source "ChessBase"]
[SourceDate "2010.03.11"]

1. d4 d6 2. Nf3 g6 3. c3 Nf6 4. Bg5 Bg7 5. h3 b6 6. Nbd2 Bb7 7. e3 O-O 8. Be2
c5 9. O-O Nbd7 10. a4 a6 11. Re1 Qc7 12. Bf1 Rac8 13. Bf4 Qb8 14. Bh2 Qa8 15.
Bd3 e5 16. dxe5 Nxe5 17. Nxe5 dxe5 18. e4 Rcd8 19. Qe2 Nh5 20. Nc4 Qb8 21. Nxb6
Bxe4 22. Bxe4 Qxb6 23. a5 Qe6 24. Bd3 Rd6 25. Bc4 Qd7 26. Red1 Ra8 27. Bxf7+
Kh8 28. Bc4 Nf4 29. Bxf4 exf4 30. Rxd6 Qxd6 31. Rd1 Qc7 32. Qe4 Rf8 33. Qe6 f3
34. Rd7 Qe5 35. Qxe5 Bxe5 36. Rd5 Bf6 37. gxf3 Rb8 38. Rd2 Bd8 39. Rd6 Bxa5 40.
Rxa6 Bc7 41. Rc6 Bf4 42. b3 Be5 43. Rxc5 Bxc3 44. Rc7 Bd4 45. Kg2 Be5 46. Re7
Bd6 47. Rd7 Be5 48. h4 Rf8 49. Bd5 Bf6 50. h5 Rd8 51. Rxd8+ Bxd8 52. hxg6 hxg6
53. b4 Bc7 54. Kh3 Kg7 55. Kg4 Kh6 1/2-1/2

[Event "FRA-chT2 0910"]
[Site "France"]
[Date "2009.12.12"]
[Round "5.2"]
[White "Ribeiro, Romain"]
[Black "Bouget, Alexandre"]
[Result "1/2-1/2"]
[WhiteElo "2169"]
[BlackElo "2148"]
[PlyCount "111"]
[EventDate "2009.09.27"]
[EventType "team"]
[EventRounds "11"]
[EventCountry "FRA"]
[Source "ChessBase"]
[SourceDate "2010.03.11"]

1. e4 e5 2. Nf3 Nc6 3. Bc4 Nf6 4. d3 Be7 5. c3 O-O 6. O-O d6 7. Re1 Na5 8. Bb5
a6 9. Ba4 b5 10. Bc2 c5 11. Nbd2 Qc7 12. Nf1 h6 13. h3 Re8 14. Ne3 Bf8 15. Nh2
Be6 16. Qf3 Rad8 17. Nhg4 Nxg4 18. hxg4 f6 19. Nd5 Qd7 20. Bd1 Bxd5 21. exd5
Nb7 22. c4 Rb8 23. Qe4 Nd8 24. Bc2 g5 25. a4 b4 26. f4 Qh7 27. Qxh7+ Kxh7 28.
fxg5 hxg5 29. Kf2 Kg8 30. Kf3 Bg7 31. Rh1 Nb7 32. Bd2 Kf7 33. Rh5 Rh8 34. Ke4
Rh6 35. Rf1 Kg6 36. Bd1 Nd8 37. Bf3 Nf7 38. Ke3 Rxh5 39. Be4+ Kh6 40. gxh5 Bh8
41. Bg6 Kg7 42. Bxf7 Kxf7 43. Ke4 Kg7 44. Kf5 Re8 45. Re1 Kf7 46. h6 Rg8 47. a5
Rb8 48. b3 Rg8 49. Bc1 Rb8 50. Re2 Rg8 51. g3 Rb8 52. Bd2 Rg8 53. Be1 Rb8 54.
Rc2 Re8 55. Re2 Rb8 56. Rc2 1/2-1/2

[Event "FRA-chT2 0910"]
[Site "France"]
[Date "2009.12.12"]
[Round "5.3"]
[White "Bollore, Jacques"]
[Black "Baron, Daniel"]
[Result "1-0"]
[WhiteElo "2124"]
[BlackElo "2098"]
[PlyCount "119"]
[EventDate "2009.09.27"]
[EventType "team"]
[EventRounds "11"]
[EventCountry "FRA"]
[Source "ChessBase"]
[SourceDate "2010.03.11"]

1. e4 c5 2. c3 d5 3. exd5 Qxd5 4. d4 Nf6 5. Nf3 e6 6. Bd3 Be7 7. O-O O-O 8. Re1
Nc6 9. Ne5 cxd4 10. Nxc6 bxc6 11. cxd4 c5 12. Nc3 Qxd4 13. Be3 Qb4 14. Qf3 Bb7
15. Qh3 Qg4 16. Bxh7+ Kh8 17. Qxg4 Nxg4 18. Be4 Bxe4 19. Nxe4 Nxe3 20. fxe3 f5
21. Nd2 Bf6 22. Nc4 Rfb8 23. Rab1 a5 24. Red1 Rb4 25. b3 a4 26. Rdc1 axb3 27.
axb3 Rab8 28. Nd2 Bg5 29. Re1 e5 30. Ra1 e4 31. g3 Bf6 32. Rac1 R4b5 33. Rc2
Ra8 34. Kf1 Kg8 35. Ke2 Kf7 36. Rec1 Be7 37. Rf1 Ke6 38. Rb1 g6 39. Kd1 Rh8 40.
Nc4 Rhb8 41. Nd2 Rd8 42. Ke2 Rd3 43. Rbc1 Kd5 44. Rc3 Rxc3 45. Rxc3 g5 46. Rc4
Ra5 47. g4 Ra2 48. gxf5 g4 49. Ra4 Rxa4 50. bxa4 Bd6 51. a5 Bxh2 52. a6 Bb8 53.
Nxe4 c4 54. Nc3+ Ke5 55. e4 Kd6 56. Nd5 Kc6 57. Ne3 Kb6 58. Nxc4+ Kxa6 59. e5
Ba7 60. e6 1-0

[Event "FRA-chT2 0910"]
[Site "France"]
[Date "2009.12.12"]
[Round "5.3"]
[White "Klipper, Rebecca"]
[Black "Prost, Frederic"]
[Result "1/2-1/2"]
[WhiteElo "2010"]
[BlackElo "2141"]
[PlyCount "137"]
[EventDate "2009.09.27"]
[EventType "team"]
[EventRounds "11"]
[EventCountry "FRA"]
[Source "ChessBase"]
[SourceDate "2010.03.11"]

1. d4 Nf6 2. Nf3 g6 3. e3 Bg7 4. b3 O-O 5. Bb2 d6 6. Nbd2 Nbd7 7. Be2 Re8 8.
O-O c5 9. c4 e5 10. dxe5 dxe5 11. Qc2 e4 12. Ng5 Qe7 13. Nh3 b6 14. Nf4 Bb7 15.
Rad1 Nf8 16. Nb1 Ne6 17. Nd5 Bxd5 18. cxd5 Nf8 19. d6 Qe6 20. Bc4 Qg4 21. Nc3
Re5 22. Nd5 Rf5 23. Ne7+ Kh8 24. Nxf5 gxf5 25. Bxf7 Rd8 26. f3 Qg5 27. f4 Qh4
28. Qf2 Qxf2+ 29. Rxf2 Ng4 30. Re2 Bxb2 31. Rxb2 Nxe3 32. Re1 Ng4 33. Rd2 Kg7
34. Bc4 Ng6 35. g3 Kf6 36. h3 Nh6 37. Kg2 Nf7 38. Bxf7 Kxf7 39. a4 Nf8 40. Rd5
Kf6 41. Red1 Ne6 42. Kf2 h5 43. Ke3 Rd7 44. b4 cxb4 45. Rb5 b3 46. Rxb3 Nc5 47.
Rb4 Rg7 48. Rg1 Ke6 49. Rd4 Kd7 50. Rd5 Rf7 51. a5 Kc6 52. d7 Nxd7 53. Rgd1 Nc5
54. Rd6+ Kc7 55. axb6+ axb6 56. Rg6 h4 57. gxh4 Rh7 58. Rdd6 Rxh4 59. Rh6 Rxh3+
60. Rxh3 Kxd6 61. Rh6+ Ke7 62. Rxb6 Ne6 63. Rb5 Kf6 64. Re5 Nf8 65. Kf2 Ng6 66.
Ra5 Nxf4 67. Ke3 Kg5 68. Re5 Kg4 69. Rxe4 1/2-1/2

[Event "FRA-chT2 0910"]
[Site "France"]
[Date "2009.12.12"]
[Round "5.3"]
[White "Le Corre, Benjamin"]
[Black "Decosse, Jean Fabien"]
[Result "0-1"]
[WhiteElo "2252"]
[BlackElo "2237"]
[PlyCount "112"]
[EventDate "2009.09.27"]
[EventType "team"]
[EventRounds "11"]
[EventCountry "FRA"]
[Source "ChessBase"]
[SourceDate "2010.03.11"]

1. e4 c6 2. d4 d6 3. Nf3 g6 4. c4 Bg7 5. Nc3 Nd7 6. Be2 e5 7. d5 c5 8. h4 h6 9.
h5 g5 10. Nh2 Ne7 11. Nf1 f5 12. exf5 Nxf5 13. Ne3 Nf6 14. Nxf5 Bxf5 15. Be3
Qd7 16. Qd2 a6 17. f3 e4 18. f4 g4 19. g3 Qf7 20. Rh4 Nxh5 21. Bxg4 Bxg4 22.
Rxg4 O-O-O 23. O-O-O Qd7 24. Qe2 Bxc3 25. bxc3 Nf6 26. Rg6 Qf5 27. Rg7 Rhg8 28.
Rxg8 Rxg8 29. Rg1 h5 30. Kb2 Rg4 31. Qf2 Kb8 32. Rh1 Rg7 33. Rg1 b6 34. Qc2 b5
35. cxb5 axb5 36. Qd2 Qxd5 37. f5 Qxd2+ 38. Bxd2 h4 39. Bf4 Kb7 40. Bxd6 hxg3
41. Be5 Rf7 42. Rxg3 Nd7 43. Bg7 Rxf5 44. Re3 Rg5 45. Bh6 Rg4 46. Kb3 Nb6 47.
Bf8 Kc6 48. Rh3 Rg6 49. Rh5 c4+ 50. Ka3 Nd5 51. Re5 e3 52. Bb4 Rg2 53. Re6+ Kc7
54. Be7 Rc2 55. Bb4 e2 56. Re5 Nf4 0-1

[Event "FRA-chT2 0910"]
[Site "France"]
[Date "2009.12.12"]
[Round "5.3"]
[White "Rouze, Xavier"]
[Black "Rano, David"]
[Result "1-0"]
[WhiteElo "2039"]
[BlackElo "2191"]
[PlyCount "135"]
[EventDate "2009.09.27"]
[EventType "team"]
[EventRounds "11"]
[EventCountry "FRA"]
[Source "ChessBase"]
[SourceDate "2010.03.11"]

1. Nf3 d5 2. c4 c6 3. e3 Nf6 4. Nc3 e6 5. b3 Bd6 6. Bb2 Nbd7 7. d3 Qe7 8. Be2
O-O 9. O-O a6 10. Qc2 e5 11. Rad1 b5 12. Nb1 c5 13. d4 dxc4 14. bxc4 b4 15.
dxe5 Bxe5 16. Nxe5 Nxe5 17. Nd2 Bb7 18. Qf5 Rfe8 19. Nf3 Nxf3+ 20. Bxf3 Bxf3
21. gxf3 Rac8 22. Kh1 Qe6 23. Qf4 Red8 24. Rxd8+ Rxd8 25. Re1 Rd6 26. Qg5 g6
27. Qxc5 Rd2 28. Qxb4 Rxf2 29. Qb8+ Ne8 30. Qe5 Qxe5 31. Bxe5 Rxa2 32. Rb1 f6
33. Bd4 Rc2 34. Rb8 Kf7 35. Rb7+ Ke6 36. c5 a5 37. Rxh7 a4 38. Ra7 g5 39. Rxa4
Nc7 40. Ra7 Nd5 41. Ra6+ Kf7 42. Rd6 Nb4 43. Rxf6+ Ke7 44. Rg6 Nd3 45. e4 Ne1
46. Be3 Nxf3 47. Bxg5+ Ke8 48. Bf4 Rxc5 49. Rg3 Ne1 50. Bd2 Nc2 51. Rc3 Rxc3
52. Bxc3 Kf7 53. Kg2 Ne3+ 54. Kf3 Nc4 55. Kf4 Nd6 56. h4 Kg6 57. e5 Nb5 58. Bb2
Nc7 59. Ba3 Kh5 60. Bd6 Ne6+ 61. Kf5 Nd4+ 62. Ke4 Ne6 63. Be7 Kg4 64. Kd5 Kf5
65. Kd6 Ng7 66. Bf6 Ne8+ 67. Ke7 Nc7 68. Kf7 1-0

[Event "FRA-chT2 0910"]
[Site "France"]
[Date "2009.12.12"]
[Round "5.4"]
[White "Cappon, John"]
[Black "Toma, Michal"]
[Result "1-0"]
[WhiteElo "2213"]
[BlackElo "2211"]
[PlyCount "124"]
[EventDate "2009.09.27"]
[EventType "team"]
[EventRounds "11"]
[EventCountry "FRA"]
[Source "ChessBase"]
[SourceDate "2010.03.11"]

1. e4 e5 2. Nf3 Nc6 3. Bc4 Nf6 4. d3 Be7 5. O-O O-O 6. Re1 d6 7. c3 h6 8. Nbd2
Kh8 9. Nf1 a6 10. a4 Nh7 11. Ng3 Ng5 12. Nf5 Be6 13. N3h4 Nh3+ 14. gxh3 Bxh4
15. Kh1 Bxf5 16. exf5 d5 17. Ba2 Bf6 18. Qh5 Kh7 19. Rg1 Qd6 20. Rg2 Ne7 21.
Be3 Ng8 22. Rag1 Rad8 23. f3 Rd7 24. d4 exd4 25. cxd4 Re7 26. Bc1 Kh8 27. Qg4
Qd7 28. Bb3 b6 29. Qh5 c5 30. Bg5 Bxg5 31. Rxg5 f6 32. R5g2 c4 33. Bc2 Qe8 34.
Qg4 Rff7 35. Qg3 Qd8 36. b3 Qc7 37. bxc4 Qxc4 38. Qf2 Rc7 39. Qd2 Rfe7 40. Bd1
Qc6 41. Bb3 b5 42. Qa2 Rcd7 43. axb5 axb5 44. Rc2 Qd6 45. Rc5 Qf4 46. Bxd5 Qxd4
47. Qa8 Rxd5 48. Rc8 Qxg1+ 49. Kxg1 Rxf5 50. Rxg8+ Kh7 51. Kf2 Rfe5 52. Rb8 f5
53. Qa2 Re8 54. Rxe8 Rxe8 55. Qf7 Re5 56. Kg3 b4 57. Qc4 Kg6 58. Qxb4 Re6 59.
Kf4 Rf6 60. Qe7 Rf7 61. Qe8 Kf6 62. Qd8+ Kg6 1-0

[Event "FRA-chT2 0910"]
[Site "France"]
[Date "2009.12.12"]
[Round "5.4"]
[White "Peter, Sebastien"]
[Black "Joguet, Boris"]
[Result "1/2-1/2"]
[WhiteElo "2230"]
[BlackElo "2108"]
[PlyCount "157"]
[EventDate "2009.09.27"]
[EventType "team"]
[EventRounds "11"]
[EventCountry "FRA"]
[Source "ChessBase"]
[SourceDate "2010.03.11"]

1. e4 Nf6 2. Nc3 d5 3. e5 Nfd7 4. f4 d4 5. Nce2 c5 6. g3 Nxe5 7. Bg2 Nec6 8. d3
e5 9. Nf3 Bd6 10. O-O O-O 11. Rf2 exf4 12. Nxf4 Bg4 13. Qf1 Nd7 14. Bd2 Nde5
15. Nxe5 Bxe5 16. Be4 Qd7 17. Qg2 Rab8 18. h3 Be6 19. Re1 Bxf4 20. Rxf4 Ne7 21.
Qe2 Ng6 22. Bxg6 hxg6 23. h4 Bd5 24. Kh2 Rbe8 25. Qf1 Rxe1 26. Qxe1 Re8 27. Qf1
Qe6 28. Rf2 Bc6 29. b3 Qd5 30. a4 Bd7 31. Re2 Rxe2+ 32. Qxe2 Bc6 33. Qf1 Qf3
34. Qxf3 Bxf3 35. b4 Bd1 36. bxc5 Bxc2 37. a5 Bxd3 38. g4 Kf8 39. c6 b6 40.
axb6 axb6 41. Bb4+ Ke8 42. Kg3 Bb5 43. c7 Kd7 44. Kf4 Kxc7 45. Bf8 Kc6 46. Ke4
d3 47. Ke3 f5 48. gxf5 gxf5 49. Bxg7 f4+ 50. Kd2 Kd5 51. h5 f3 52. Bd4 Kxd4 53.
h6 f2 54. h7 f1=Q 55. h8=Q+ Kc4 56. Qc3+ Kd5 57. Qd4+ Kc6 58. Qe4+ Kd7 59. Qb7+
Ke8 60. Qb8+ Ke7 61. Qe5+ Kf7 62. Qxb5 Qe2+ 63. Kc3 Qe1+ 64. Kd4 d2 65. Qh5+
Kf6 66. Qh6+ Kf5 67. Qh5+ Kf4 68. Qh6+ Kg3 69. Qg5+ Kh3 70. Qf5+ Kh2 71. Qf4+
Kg2 72. Qg4+ Qg3 73. Qe2+ Qf2+ 74. Kd3 d1=Q+ 75. Qxd1 Qf5+ 76. Kc3 Qc5+ 77. Kb3
Qb5+ 78. Ka3 Qa5+ 79. Qa4 1/2-1/2

[Event "FRA-chT2 0910"]
[Site "France"]
[Date "2009.12.12"]
[Round "5.4"]
[White "Schulz, Vladimir"]
[Black "Cau, Benjamin"]
[Result "0-1"]
[WhiteElo "2166"]
[BlackElo "2132"]
[PlyCount "120"]
[EventDate "2009.09.27"]
[EventType "team"]
[EventRounds "11"]
[EventCountry "FRA"]
[Source "ChessBase"]
[SourceDate "2010.03.11"]

1. Nf3 Nf6 2. c4 c6 3. b3 d5 4. g3 g6 5. Bb2 Bg7 6. Bg2 O-O 7. O-O Bf5 8. d3
Qc8 9. Re1 Bh3 10. Bh1 Qf5 11. e4 dxe4 12. Nh4 Qc5 13. d4 Qd6 14. Nd2 Na6 15.
Nxe4 Nxe4 16. Rxe4 Rad8 17. Qe2 Bf6 18. a3 Nc7 19. Nf3 Bf5 20. Re3 Bg4 21. Qc2
Ne6 22. d5 Bf5 23. Qe2 Bxb2 24. Qxb2 cxd5 25. cxd5 Nc7 26. Nh4 Bh3 27. Qe5 Nxd5
28. Qxd5 Qxd5 29. Bxd5 Rxd5 30. Rxe7 Rfd8 31. Rae1 R8d7 32. Rxd7 Rxd7 33. Ng2
g5 34. Re8+ Kg7 35. b4 Kf6 36. Re1 Rd3 37. a4 Rd4 38. Ne3 Be6 39. Rb1 Ke5 40.
Kf1 f5 41. Nc2 Rd2 42. Re1+ Kf6 43. Ne3 f4 44. gxf4 gxf4 45. Ng2 Bh3 46. Kg1
Rd4 47. Rb1 Bf5 48. Ra1 Rxb4 49. a5 b6 50. axb6 axb6 51. f3 Kg5 52. h4+ Kf6 53.
Ra8 b5 54. Rf8+ Ke6 55. h5 Ra4 56. Nh4 Bc2 57. Ng2 b4 58. Rb8 b3 59. Rb6+ Kd5
60. Rb8 Kc4 0-1

[Event "FRA-chT2 0910"]
[Site "France"]
[Date "2009.12.12"]
[Round "5.5"]
[White "Luce, Sebastien"]
[Black "Staeger, Pascal"]
[Result "1-0"]
[WhiteElo "2330"]
[BlackElo "2110"]
[PlyCount "143"]
[EventDate "2009.09.27"]
[EventType "team"]
[EventRounds "11"]
[EventCountry "FRA"]
[Source "ChessBase"]
[SourceDate "2010.03.11"]

1. d4 Nf6 2. Nf3 g6 3. c4 Bg7 4. g3 O-O 5. Bg2 d5 6. cxd5 Nxd5 7. O-O Nc6 8. e4
Nb6 9. d5 Na5 10. Nc3 c6 11. dxc6 Qxd1 12. Rxd1 Nxc6 13. Nd5 Bg4 14. h3 Bxf3
15. Bxf3 Na4 16. Rb1 e6 17. b3 exd5 18. bxa4 Nd4 19. Kg2 Nxf3 20. Kxf3 dxe4+
21. Kxe4 b6 22. Be3 Rfd8 23. Rbc1 f5+ 24. Kf3 Be5 25. Rxd8+ Rxd8 26. a5 bxa5
27. Rc5 Bd4 28. Bxd4 Rxd4 29. Rxa5 Rd7 30. g4 fxg4+ 31. hxg4 Kf7 32. Ke4 Re7+
33. Kf4 h6 34. Ra6 Rc7 35. Kg3 Rc3+ 36. f3 Rc7 37. f4 Kg7 38. f5 gxf5 39. gxf5
Rb7 40. a3 Rf7 41. Kf4 Kh7 42. a4 Kg7 43. Rg6+ Kh7 44. Rg1 Rg7 45. Rb1 Rc7 46.
Ke5 Kg7 47. Rb5 Re7+ 48. Kf4 Kf6 49. Rc5 Kg7 50. Rc6 Rf7 51. Rg6+ Kh7 52. Ke5
Rc7 53. Ra6 Rf7 54. Rc6 Kg7 55. a5 Re7+ 56. Kf4 Rf7 57. Rg6+ Kh7 58. a6 Rc7 59.
Rd6 Kg7 60. Rg6+ Kh7 61. Rg1 Rg7 62. Rb1 Rf7 63. Rb7 Kg7 64. Ke5 Kg8 65. f6 h5
66. Kf5 h4 67. Kg6 Rf8 68. Rg7+ Kh8 69. Rh7+ Kg8 70. Rxh4 Rf7 71. Rh8+ Kxh8 72.
Kxf7 1-0

[Event "FRA-chT2 0910"]
[Site "France"]
[Date "2009.12.12"]
[Round "5.6"]
[White "Kieffer, Christian"]
[Black "Delabre, Tony"]
[Result "0-1"]
[WhiteElo "2120"]
[BlackElo "2065"]
[PlyCount "98"]
[EventDate "2009.09.27"]
[EventType "team"]
[EventRounds "11"]
[EventCountry "FRA"]
[Source "ChessBase"]
[SourceDate "2010.03.11"]

1. e4 e5 2. Nc3 Nf6 3. g3 d5 4. exd5 Nxd5 5. Bg2 Nxc3 6. bxc3 Nc6 7. Ne2 Bc5 8.
O-O O-O 9. d3 Bg4 10. h3 Be6 11. c4 f5 12. Rb1 Qd7 13. Rb5 b6 14. Be3 Bxe3 15.
fxe3 Rad8 16. Qe1 e4 17. Nf4 a6 18. Nxe6 Qxe6 19. Rb3 Kh8 20. Qf2 Rf6 21. Qf4
Rd7 22. g4 fxg4 23. Qxe4 Rxf1+ 24. Kxf1 Qxe4 25. Bxe4 Ne5 26. hxg4 Nxg4 27. Ke2
Rf7 28. Bf3 Nh2 29. Bd5 Rf6 30. a4 g5 31. c5 g4 32. c6 g3 33. Rxb6 Rf2+ 34. Ke1
cxb6 35. c7 Rf8 36. Bb7 g2 37. Bxg2 Rc8 38. Kf2 Ng4+ 39. Kf3 Nf6 40. e4 Rxc7
41. e5 Nd7 42. d4 Rxc2 43. Bf1 Nb8 44. d5 Kg7 45. Ke4 Kf7 46. d6 Nd7 47. Kd4
Rc5 48. Bc4+ Rxc4+ 49. Kxc4 Ke6 0-1